000 00778cab a2200277 4500
001 ABS49037
008 090401t1993 xxu||||| |||| 00| 0 eng d
035 _a(Sirsi) u69594
041 _aeng
100 _aCollar, N.
245 _aListed buildings
260 _c1993
350 _a0
490 _aProperty Law
_v(3) June 1993, 6-7(2)
520 _aExamines the consequences of listed building designation for the development or use of property.
650 _aCURTILAGE
650 _aHISTORIC SCOTLAND
650 _aLISTED BUILDING CONSENT
650 _aLISTED BUILDINGS
650 _aPERMITTED DEVELOPMENT ORDER
650 _aPERMITTED DEVELOPMENT RIGHTS
650 _aSCOTLAND
690 _aPLANNING LAW AND PRACTICE
942 _n0
948 _c04/03/1997
999 _c43717
_d43717